| 000 | 00362pab a2200157 454500 | ||
|---|---|---|---|
| 008 | 180718b2001 xxu||||| |||| 00| 0 eng d | ||
| 100 | _aRay, Indrajit | ||
| 245 | _aDifferent school of thought | ||
| 260 | _c2001 | ||
| 300 | _ap.11 | ||
| 362 | _a14 Nov | ||
| 650 | _aIndia - Education policy | ||
| 650 | _aEducation | ||
| 773 | _aTelegbraph | ||
| 909 | _a50961 | ||
| 999 |
_c50961 _d50961 |
||